Logros y aportaciones de la investigación agrícola en el cultivo de la soya /
Resultados de investigación agrícola orientados a mejorar el cultivo de la soya para cambiar el sistema de riego que existe en México, por la técnica de siembra de temporal. Las aportaciones para resolver los problemas de cultivo, giran en torno al mejoramiento genético, los sistemas de producción y...
Guardado en:
| Hovedforfatter: | |
|---|---|
| Andre forfattere: | |
| Format: | Bog |
| Sprog: | spansk |
| Serier: | (Publicación Especial ;
103) |
| Fag: | |
| Tags: |
Ingen Tags, Vær først til at tagge denne postø!
|
MARC
| LEADER | 00000nam^a2200000^a^4500 | ||
|---|---|---|---|
| 001 | 000183464 | ||
| 005 | 20250521000000.0 | ||
| 009 | 20260310102041.368 | ||
| 037 | |a Acervo ITESO - Biblioteca | ||
| 041 | |a ESP | ||
| 082 | |a 633. 34 |b BAR | ||
| 100 | |a Barriga Solorio, Celio |e (autor) | ||
| 245 | 1 | 0 | |a Logros y aportaciones de la investigación agrícola en el cultivo de la soya / |c C. Barriga Solorio, J. Nieto Hatem. |
| 264 | |a México : |b Instituto Nacional de Investigaciones Agrícolas : |b Secretaría de Agricultura y Recursos Hidráulicos, |c 1983 | ||
| 300 | |a 15 p. | ||
| 336 | |a texto |b txt |2 rdacontenido | ||
| 337 | |a sin mediación |b n |2 rdamedio | ||
| 338 | |a volumen |b nc |2 rdasoporte | ||
| 440 | 1 | |a (Publicación Especial ; |v 103) | |
| 520 | |a Resultados de investigación agrícola orientados a mejorar el cultivo de la soya para cambiar el sistema de riego que existe en México, por la técnica de siembra de temporal. Las aportaciones para resolver los problemas de cultivo, giran en torno al mejoramiento genético, los sistemas de producción y el combate de plagas y enfermedades. | ||
| 649 | |a XX | ||
| 650 | |a Soya - |x Cultivo | ||
| 650 | |a Soya - |x Variedades | ||
| 650 | |a Sistemas de Riego | ||
| 650 | |a Plagas Agrícolas | ||
| 650 | |a Plaguicidas | ||
| 650 | |a Control de Plagas | ||
| 650 | |a Plantas - |x Enfermedades | ||
| 650 | |a Agricultura | ||
| 700 | |a Nieto Hatem, Jorge |e (autor) | ||
| 910 | |a Fondo General | ||
| 920 | |a Impresos - Libros | ||
| 930 | |a Colección General | ||
| 905 | |a 101 | ||
| 901 | |a 0500123663 |b IT1 |c ACC |u 20250521 | ||
| 902 | |a https://opac.biblio.iteso.mx/vufind/Record/000183464 | ||